| 000 | 01221cam a2200361 i 4500 | ||
|---|---|---|---|
| 999 |
_c11281 _d11281 |
||
| 001 | 18007462 | ||
| 003 | OSt | ||
| 005 | 20191220095920.0 | ||
| 008 | 140115s2013 ii bs 001 0 eng | ||
| 010 | _a 2013410746 | ||
| 020 | _a9788131605905 | ||
| 025 | _aI-E-2013-410746; 79-91 | ||
| 037 | _bLibrary of Congress -- New Delhi Overseas Office | ||
| 040 |
_aDLC _coclc _erda _dDLC |
||
| 042 | _alcode | ||
| 043 | _aa-ii--- | ||
| 082 |
_a332.6730954 _bSET/F |
||
| 100 |
_aSethi, Narayan _9608 |
||
| 245 | 1 | 0 |
_aFDI and economic growth in India / _cNarayan Sethi ; Sanhita Sucharita |
| 264 | 1 |
_aJaipur : _bRawat Publications, _c2013. |
|
| 300 |
_a252P _c23 cm |
||
| 336 |
_atext _btxt _2rdacontent |
||
| 337 |
_aunmediated _bn _2rdamedia |
||
| 338 |
_avolume _bnc _2rdacarrier |
||
| 500 | _aIncludes statistical tables. | ||
| 504 | _aIncludes bibliographical references (pages 241-248) and index. | ||
| 650 | 0 |
_aInvestments, Foreign _zIndia. |
|
| 650 | 0 |
_aEconomic development _zIndia. |
|
| 700 | 1 |
_aSucharita, Sanhita, _eauthor. |
|
| 906 |
_a7 _bcbc _corigode _d3 _encip _f20 _gy-gencatlg |
||
| 942 |
_2ddc _cBK _h332.6730954 _iSET/F _k332.6730954 _mSET/F |
||